| 000 | 00654cam a2200217 a 4500 | ||
|---|---|---|---|
| 001 | 000008039 | ||
| 005 | 20200929154415.0 | ||
| 008 | 910219s1990 sp 001 0 spa | ||
| 020 | _a8420480770 | ||
| 040 |
_aDO-SdBNP _cDLC |
||
| 082 |
_a863.64 _bC387i |
||
| 100 | 1 |
_aCebrián, Juan Luis, _d1945- _915036 |
|
| 245 | 1 | 3 |
_aLa isla del viento / _cJuan Luis Cebrián. |
| 260 |
_aMadrid : _bAlfaguara, _c1990. |
||
| 300 |
_a220 p. ; _c22 cm. |
||
| 490 | 1 |
_aAlfaguara Hispánica _vno. 74 |
|
| 650 | 4 |
_aNovela española _91123 |
|
| 650 | 4 |
_aLiteratura española _9632 |
|
| 830 | 0 |
_aAlfaguara Hispánica ; _vno. 74 _94764 |
|
| 910 | _aCatalogación por copia / LC | ||
| 999 |
_c7816 _d7816 |
||